ბათუმის შოთა რუსთაველის სახელმწიფო უნივერსიტეტის ბიბლიოთეკა

შედარებითი მეთოდი ეთნოლოგიაში / (ბიბ.ჩანაწერი № 54323)

000 -ლიდერი
ფიქსირებული სიგრძის საკონტროლო ველი 01263nam a2200265Ia 4500
001 - საკონტროლო ნომერი
საკონტროლო ველი 21379
003 - საკონტროლო ნომრის იდენტიფიკატორი
საკონტროლო ველი GE_BSU
005 - ბოლო ოპერაციის თარიღი და დრო
საკონტროლო ველი 20211104163200.0
008 - ფიქსირებული სიგრძის მონაცემთა ელემენტები - ზოგადი ინფორმაცია
ფიქსირებული სიგრძის საკონტროლო ველი 181216s2017||||ge |||||||||||||| ||geo||
020 ## - წიგნის საერთაშორისო სტანდარტული ნომერი
International Standard Book Number 9789941271045
040 ## - კატალოგიზაციის წყარო
Transcribing agency GE_BSU
041 ## - ენის კოდი
Language code of text/sound track or separate title geo
080 ## - უნივერსალური ათობითი კლასიფიკაციის ინდექსი
Universal Decimal Classification number 39 გ-13
100 ## - მთავარი ჩანაწერი - პიროვნების სახელი
Personal name გაბუნია, სალომე
9 (RLIN) 12831
245 ## - ცნობა სათაურის შესახებ
Title შედარებითი მეთოდი ეთნოლოგიაში /
Statement of responsibility, etc სალომე გაბუნია, ლია მელიქიშვილი ; რედ. რ. მეტრეველი.
264 ## - წარმოების, გამოცემის, დისტრიბუციის და სხვა ცნობები
გამოცემის, წარმოების, დისტრიბუციის... ადგილი თბილისი :
გამოცემის, წარმოების, დისტრიბუციის... სახელწოდება [?],
გამოცემის, წარმოების, დისტრიბუციის... თარიღი 201.
300 ## - ფიზიკური აღწერა
Extent 225გვ. 21სმ. ილ.
504 ## - BIBLIOGRAPHY, ETC. NOTE
Bibliography, etc ბიბლიოგრაფია ტექსტების ბოლოს ; ცხრ. გვ. : 220-223
653 ## - INDEX TERM--UNCONTROLLED
Uncontrolled term შედარებითი მეთოდი ეთნოლოგიაში
700 ## - ADDED ENTRY--PERSONAL NAME
Personal name მელიქიშვილი, ლია
Relator term ავტორი
9 (RLIN) 159
700 ## - ADDED ENTRY--PERSONAL NAME
Personal name მეტრეველი, მ.
Relator term რედაქტორი
9 (RLIN) 10672
710 ## - ADDED ENTRY--CORPORATE NAME
Corporate name or jurisdiction name as entry element საქართველოს მეცნიერებათა ეროვნული აკადემია
9 (RLIN) 1136
942 ## - ADDED ENTRY ELEMENTS (KOHA)
Koha item type წიგნი
Source of classification or shelving scheme
ეგზემპლარები
ჩამოწერის სტატუსი დაკარგული ეგზემპლარის სტატუსი კლასიფიკაციის წყარო ან თაროზე გაწყობის სქემა დაზიანების სტატუსი არ გაიცემა მუდმივი მდებარეობა (დაცვის ადგილი) ამჟამინდელი ადგილსამყოფელი თაროზე განთავსების ადგილი შეძენის თარიღი ღირებულება, შესყიდვის ნორმალური ფასი სრული შენახვის შიფრი შტრიხკოდი ბოლო ოპერაციის თარიღი ეგზემპლარის მიმდევრობითი ნომერი (კეტერი?) ფასის ძალაში შესვლის თარიღი ეგზემპლარის სახეობა საჯარო შენიშვნა
          ბათუმის შოთა რუსთაველის სახელმწიფო უნივერსიტეტის მთავარი ბიბლიოთეკა ბათუმის შოთა რუსთაველის სახელმწიფო უნივერსიტეტის მთავარი ბიბლიოთეკა წიგნსაცავი 2018-12-17 10.00 39 გ-13 55328 2018-12-17 55328 2018-12-17 წიგნი 10.00 ₾.